Name the Funko Pop! - Statistics

General Stats
  • This quiz has been taken 1,116 times
    1,104 since last reset
  • The average score is 8 of 12
Answer Stats
Picture Answer % Correct
Batman
100%
Yoda
96%
Mickey Mouse
90%
Wolverine
85%
Hulk Hogan
83%
Popeye
80%
Dobby
73%
Spider Hulk
64%
Spyro the Dragon
61%
Mushu
44%
Trunks
20%
Fourth Doctor
19%
No matching quizzes found
Score Distribution
Percent of People with Each Score
Percentile by Number Answered
Your Score History
You have not taken this quiz since the last reset